| 000 | 00487nam a2200181Ia 4500 | ||
|---|---|---|---|
| 003 | LK-CoDNM | ||
| 008 | 010623t2011 xxu||||| |||| 00| 1 sin d | ||
| 040 |
_aLK-CoDNM _dLK-CoDNM _eLK-CoDNM |
||
| 041 | _asin | ||
| 080 | _a8S2 FO's | ||
| 100 | _aFo's Dario | ||
| 245 | _aහොරුත් සමඟ හෙලුවෙන් | ||
| 246 | _aHoruth Samaga Heluwen | ||
| 260 |
_bSanhinda _aNugegoda _c2011 |
||
| 300 | _b145, Iill, 21 cm | ||
| 700 |
_aLiyanage Priyath _etr. |
||
| 942 | _cBK | ||
| 999 |
_c131956 _d131956 |
||